| 000 | 00485nam a2200181Ia 4500 | ||
|---|---|---|---|
| 008 | 240925s9999 xx 000 0 und d | ||
| 020 | _a8176355321 | ||
| 082 | _a006.6 BOA | ||
| 100 | _aBoardman, Ted | ||
| 245 | 0 | _a3Ds Max 4 Fundamentals | |
| 250 | _aNA | ||
| 260 |
_aNew Delhi: _bTechmedia _c,2001. |
||
| 300 |
_axxx,793p. _bNA _fPhotocopy |
||
| 500 | _aIncludes Index | ||
| 600 | _aEngineering Technology | ||
| 650 | _aComputer science, information & general works | ||
| 942 | _cBK | ||
| 999 |
_c6719 _d6719 |
||